00988 2200313 4500001002100000005001500021035002000036007000300056008004100059020002200100040002200122082001700144084001900161090002300180090002200203100005000225245010900275250003400384300002400418650002200442700003400464850001200498264004600510336002100556337003000577338002300607999002200630990002200652INLIS00000000085809920210401101435 a0010-0421000004ta210316s2020 yoia g p ind d a978-623-94317-4-7 aYOPDYOGbinderda04223a899.2211 a899.2211 NOV i aDEP 899.2211 NOV i aCB-D.11 2020-17550 aNovi Endharti Ratnasari,cHj.d1969-epenulis10aImpian-impian :bkumpulan 40 puisi /cpenulis, Hj. Novi Endharti Ratnasari; penyunting, Y. B. Margantoro aCetakan pertama, Agustus 2020 a52 halaman ;c21 cm 4aPuisi--xKumpulan1 aMargantoro, Y. B.epenyunting aYOPDYOG31aYogyakarta :bMitra Mekar Berkarya,c2020 2rdacontentateks 2rdamediaatanpa perantara 2rdacarrieravolume aCB-D.11/2020-1755 aCB-D.11/2020-1755